[Event "Stay Safe Play From Home 300"]
[Site "Emanuel Lasker Arena"]
[Date "2020.07.13"]
[Round "5"]
[White "Klasman"]
[Black "Robk"]
[Result "0-1"]
[WhiteElo "1573"]
[BlackElo "1536"]
[Annotator "NA RC"]
[PlyCount "86"]
[EventDate "2020.07.13"]
[EventType "swiss (blitz)"]

1. f4 {[%emt 0:00:02]} c5 {[%emt 0:00:05]} 2. e4 {[%emt 0:00:03]} e6 {[%emt 0:00:01]} 3. c4 {[%emt 0:00:02]} d5 {[%emt 0:00:05]} 4. cxd5 {[%emt 0:00:01]} exd5 {[%emt 0:00:01]} 5. exd5 {[%emt 0:00:05]} Qxd5 {[%emt 0:00:01]} 6. Nf3 {[%emt 0:00:05]} Nf6 {[%emt 0:00:07]} 7. Bb5+ {[%emt 0:00:04]} Bd7 {[%emt 0:00:02]} 8. Nc3 {[%emt 0:00:05]} Qe6+ {[%emt 0:00:05]} 9. Qe2 {[%emt 0:00:12]} Qxe2+ {[%emt 0:00:02]} 10. Kxe2 {[%emt 0:00:03]} Bxb5+ {[%emt 0:00:06]} 11. Nxb5 {[%emt 0:00:02]} Na6 {[%emt 0:00:01]} 12. Re1 {[%emt 0:00:08]} Be7 {[%emt 0:00:04]} 13. Kf1 {[%emt 0:00:02]} Nd5 {[%emt 0:00:02]} 14. d4 {[%emt 0:00:10]} O-O {[%emt 0:00:06]} 15. Nc3 {[%emt 0:00:07]} Nxc3 {[%emt 0:00:10]} 16. Rxe7 {[%emt 0:00:03]} Nd5 {[%emt 0:00:10]} 17. Rxb7 {[%emt 0:00:05]} Nab4 {[%emt 0:00:03]} 18. Bd2 {[%emt 0:00:14]} a5 {[%emt 0:00:07]} 19. dxc5 {[%emt 0:00:06]} Rfc8 {[%emt 0:00:06]} 20. a3 {[%emt 0:00:16]} Nd3 {[%emt 0:00:05]} 21. b4 {[%emt 0:00:11]} axb4 {[%emt 0:00:03]} 22. Rd7 {[%emt 0:00:10]} N3xf4 {[%emt 0:00:16]} 23. Bxf4 {[%emt 0:00:06]} Nxf4 {[%emt 0:00:02]} 24. Rd4 {[%emt 0:00:02]} Ne6 {[%emt 0:00:04]} 25. Rxb4 {[%emt 0:00:01]} Nxc5 {[%emt 0:00:04]} 26. a4 {[%emt 0:00:02]} Na6 {[%emt 0:00:04]} 27. Rb6 {[%emt 0:00:03]} f6 {[%emt 0:00:04]} 28. a5 {[%emt 0:00:02]} Rc5 {[%emt 0:00:03]} 29. Rb7 {[%emt 0:00:02]} Nb4 {[%emt 0:00:06]} 30. Rxb4 {[%emt 0:00:02]} Rcxa5 {[%emt 0:00:01]} 31. Rab1 {[%emt 0:00:03]} Ra1 {[%emt 0:00:03]} 32. Rxa1 {[%emt 0:00:02]} Rxa1+ {[%emt 0:00:00]} 33. Kf2 {[%emt 0:00:01]} Kf7 {[%emt 0:00:01]} 34. Kg3 {[%emt 0:00:02]} Kg6 {[%emt 0:00:00]} 35. h3 {[%emt 0:00:03]} Kf7 {[%emt 0:00:01]} 36. Rb7+ {[%emt 0:00:01]} Kg6 {[%emt 0:00:00]} 37. h4 {[%emt 0:00:01]} h6 {[%emt 0:00:02]} 38. Kh3 {[%emt 0:00:01]} Ra3 {[%emt 0:00:01]} 39. Rb4 {[%emt 0:00:04]} Kh7 {[%emt 0:00:01]} 40. Kg4 {[%emt 0:00:01]} Kg6 {[%emt 0:00:01]} 41. h5+ {[%emt 0:00:01]} Kh7 {[%emt 0:00:02]} 42. Rb7 {[%emt 0:00:01]} Kg8 {[%emt 0:00:01]} 43. Kf5 {[%emt 0:00:02]} Ra6 {[%emt 0:00:05] Time (Lag: Av=0.53s, max=0.9s)} 0-1

[Event "Stay Safe Play From Home 300"]
[Site "Emanuel Lasker Arena"]
[Date "2020.07.13"]
[Round "5"]
[White "Timbre"]
[Black "Ironmike"]
[Result "0-1"]
[WhiteElo "1526"]
[BlackElo "1853"]
[Annotator "NA RC"]
[PlyCount "76"]
[EventDate "2020.07.13"]
[EventType "swiss (blitz)"]
[BlackTeam "SV Horst-Emscher I"]

{- Dönges, Dirk (1820)} 1. d4 {[%emt 0:00:15]} d5 {[%emt 0:00:06]} 2. Nf3 {[%emt 0:00:01]} c6 {[%emt 0:00:03]} 3. c3 {[%emt 0:00:01]} Bg4 {[%emt 0:00:01]} 4. Bf4 {[%emt 0:00:05]} Nf6 {[%emt 0:00:02]} 5. e3 {[%emt 0:00:01]} e6 {[%emt 0:00:02]} 6. Be2 {[%emt 0:00:01]} Bd6 {[%emt 0:00:02]} 7. Nbd2 {[%emt 0:00:03]} Bxf4 {[%emt 0:00:02]} 8. exf4 {[%emt 0:00:02]} Nbd7 {[%emt 0:00:01]} 9. Ne5 {[%emt 0:00:02]} Bxe2 {[%emt 0:00:03]} 10. Qxe2 {[%emt 0:00:01]} Nxe5 {[%emt 0:00:01]} 11. fxe5 {[%emt 0:00:02]} Nd7 {[%emt 0:00:01]} 12. O-O {[%emt 0:00:02]} O-O {[%emt 0:00:01]} 13. f4 {[%emt 0:00:02]} f6 {[%emt 0:00:04]} 14. exf6 {[%emt 0:00:06]} Qxf6 {[%emt 0:00:02]} 15. Rf3 {[%emt 0:00:09]} Rae8 {[%emt 0:00:02]} 16. Raf1 {[%emt 0:00:03]} c5 {[%emt 0:00:05]} 17. a3 {[%emt 0:00:05]} cxd4 {[%emt 0:00:03]} 18. cxd4 {[%emt 0:00:02]} Qxd4+ {[%emt 0:00:01]} 19. Kh1 {[%emt 0:00:02]} e5 {[%emt 0:00:05]} 20. fxe5 {[%emt 0:00:03]} Rxf3 {[%emt 0:00:02]} 21. Nxf3 {[%emt 0:00:02]} Qb6 {[%emt 0:00:05]} 22. Qd2 {[%emt 0:00:10]} Qb5 {[%emt 0:00:10]} 23. Re1 {[%emt 0:00:09]} Nxe5 {[%emt 0:00:13]} 24. Nxe5 {[%emt 0:00:05]} Rxe5 {[%emt 0:00:01]} 25. Rd1 {[%emt 0:00:12]} Re2 {[%emt 0:00:05]} 26. Qd4 {[%emt 0:00:08]} h6 {[%emt 0:00:11]} 27. Qxa7 {[%emt 0:00:05]} Qxb2 {[%emt 0:00:07]} 28. Qb8+ {[%emt 0:00:05]} Kh7 {[%emt 0:00:02]} 29. Qg3 {[%emt 0:00:03]} Qc2 {[%emt 0:00:09]} 30. Rf1 {[%emt 0:00:10]} d4 {[%emt 0:00:08]} 31. h3 {[%emt 0:00:02]} Re6 {[%emt 0:00:06]} 32. Kh2 {[%emt 0:00:25]} Rg6 {[%emt 0:00:02]} 33. Qf3 {[%emt 0:00:03]} d3 {[%emt 0:00:04]} 34. Rd1 {[%emt 0:00:06]} d2 {[%emt 0:00:01]} 35. Qe2 {[%emt 0:00:02]} Qc7+ {[%emt 0:00:03]} 36. Kh1 {[%emt 0:00:03]} Qc5 {[%emt 0:00:05]} 37. Rxd2 {[%emt 0:00:01]} Qxa3 {[%emt 0:00:01]} 38. Rb2 {[%emt 0:00:02]} Qc3 {[%emt 0:00:04] Time (Lag: Av=0.33s, max=0.6s) .} 0-1

[Event "Stay Safe Play From Home 300"]
[Site "Emanuel Lasker Arena"]
[Date "2020.07.13"]
[Round "6"]
[White "AChessPlayer"]
[Black "Weltszmerc"]
[Result "1-0"]
[WhiteElo "2316"]
[BlackElo "1993"]
[Annotator "TA"]
[PlyCount "121"]
[EventDate "2020.07.13"]
[EventType "swiss (blitz)"]

{[%evp 11,121,47,47,16,27,20,14,22,19,17,8,0,45,45,60,72,73,24,42,-35,-35,-12,35,37,37,33,34,36,44,41,40,0,0,0,11,0,0,0,0,0,0,0,0,0,20,7,0,0,131,0,9,-146,-134,-166,-182,-154,-71,-65,0,-1,0,-19,0,0,0,0,0,-37,0,0,0,-15,0,-58,-53,-234,-224,-525,-501,-666,-637,-698,-697,-816,-827,-770,-243,-451,0,-1799,-369,-328,-332,-447,-249,-679,-286,-272,-234,-270,0,0,0,-64,-70,-275,0,0,0,0,0,0]} 1. d4 b6 2. e4 Bb7 3. Bd3 Nf6 4. Qe2 e6 5. Nf3 d5 6. e5 Nfd7 7. Bg5 {B00: Queen's Fianchetto Defence, Nimzowitsch Defence.} Be7 8. h4 h6 9. Bxe7 Qxe7 10. c3 c5 11. Nbd2 {[#]} cxd4 $146 ({Predecessor:} 11... c4 12. Bc2 b5 13. h5 a5 14. Rh3 Nc6 15. Rg3 Qf8 16. Nh4 b4 17. Ba4 Nb6 {1-0 (36) Novikov,M (2518)-Sergeev,G (2412) Tula 2006}) 12. cxd4 a5 13. Rc1 O-O 14. Rc7 Ba6 15. O-O (15. Bb5 $14) 15... Bxd3 $15 16. Qxd3 Na6 17. Rc3 Nb4 18. Qb1 Rfc8 19. Rfc1 Qd8 20. a3 Na6 21. h5 Rxc3 22. Rxc3 Rc8 23. Qc2 Rxc3 24. Qxc3 Qc7 25. Qd3 Nab8 {Threatening ...Qc1+.} 26. Qb1 b5 27. Nf1 f6 {[%cal Rf6e5]} 28. exf6 Nxf6 29. Ng3 Qf4 {[#]} (29... Nbd7 $11 {keeps the balance.}) 30. Qg6 (30. Qe1 $1 $16) 30... Nbd7 {And now ...Qc1+ would win.} 31. Qd3 $2 (31. Ne2 $11 Qe4 32. Kf1) 31... Qc1+ $17 {[%mdl 64] Double Attack} 32. Qf1 Qxb2 33. Qe1 Kf7 (33... Qxa3 $142 {aiming for ...Nf8.} 34. Qxe6+ Kh7) 34. Qxa5 Qb1+ (34... Ng4 $1 $15 35. Qe1 Ndf6) 35. Qe1 Qd3 36. Qc1 Qc4 37. Qb2 Ng4 38. Nf1 Qd3 39. N1h2 Qd1+ 40. Nf1 Qd3 41. N3h2 Ngf6 42. Ne3 ({White should play} 42. Nf3 $11) 42... Nxh5 $15 43. Nhg4 $2 ({White should try} 43. Nf3 $15) 43... Nf4 $19 44. g3 $2 (44. Qb4 Qxd4 45. Qxb5 (45. Nxh6+ $2 gxh6 46. Qxb5 Nf6 $19)) 44... Ne2+ {[%mdl 64] [#] Double Attack} 45. Kg2 Nxd4 46. Qc1 Qe4+ 47. Kh3 h5 48. Nh2 Ne2 $2 (48... Ne5 49. Qd1 g6) 49. Qf1 $2 (49. Qd1 Nc3 50. Qxh5+ Kg8 51. Qg5) 49... Nd4 $2 (49... Nc3 $19 50. Qg2 Qxg2+ 51. Kxg2 d4) 50. Ng2 $2 {[%mdl 8192]} (50. Qc1 $11 Ne5 51. f3 Ndxf3 52. Nxf3 Qxf3 53. Qf1) 50... Nf3 $2 (50... Qf5+ 51. g4 hxg4+ 52. Kg3 Qe5+ 53. f4 gxf3+ 54. Kf2 Qxh2 {[%mdl 64] Pin}) 51. Nxf3 Qxf3 52. Kh2 b4 (52... Ne5 $142 {White must now prevent ...g5.} 53. Nh4 Qf6) 53. Kg1 $2 (53. axb4 Ne5 54. b5) 53... Ne5 (53... bxa3 $142 54. Qa6 Qb3) 54. axb4 Qb3 55. Nh4 Nf3+ $2 (55... Qxb4 $19 {Hoping for ...g5.} 56. Qe2 Qb1+ 57. Kg2 Qe4+ 58. Qxe4 dxe4) 56. Nxf3 $11 Qxf3 57. b5 ({Better is} 57. Qb5 $11) 57... Qb3 $1 $15 58. Qc1 $2 (58. Kh2 $15) 58... d4 $2 (58... Qxb5 $19 {Strongly threatening ...Qc4.} 59. Qd1 Kg6 60. Qc2+ Kh6 61. Qc1+ Kg6 62. Qc2+ Kh6 63. Qd2+ g5) 59. Qf4+ $11 {The position is equal.} Ke7 60. Qc7+ Kf6 61. b6 {[%mdl 32768] Whites escaped into a draw. Accuracy: White = 47%, Black = 61%. . Loss on time!?} 1-0

[Event "Stay Safe Play From Home 300"]
[Site "Emanuel Lasker Arena"]
[Date "2020.07.13"]
[Round "6"]
[White "Chesstiger9"]
[Black "Greblah"]
[Result "1-0"]
[WhiteElo "1965"]
[BlackElo "1935"]
[Annotator "TA"]
[PlyCount "93"]
[EventDate "2020.07.13"]
[EventType "swiss (blitz)"]

{[%evp 9,93,6,10,-9,13,13,6,-17,-10,-14,-8,-25,-16,-39,21,23,28,25,84,79,61,-50,-41,-110,-103,-144,-69,-63,-4,-16,2,-18,-8,0,-5,-179,-172,-367,-195,-151,-157,-178,-27,-33,-33,-40,12,14,33,49,89,79,67,-128,133,131,129,28,35,0,0,0,0,-96,-26,-160,-73,-89,-90,-95,-93,-431,-418,-389,-340,-257,-114,-405,-379,-29984,-29985,-29986,-29983,-29985,-29981,-29978]} 1. c4 c6 2. Nc3 d5 3. d4 e5 4. cxd5 cxd5 5. e3 e4 6. Bb5+ {D10: Slav Defence: 3 cxd5 (without early Nf3) and 3 Nc3.} (6. Qb3 {looks sharper.} Nf6 7. Nge2 Nc6 8. Nf4 Na5 9. Bb5+) 6... Bd7 7. Bxd7+ Qxd7 8. Nge2 {The position is equal.} Nf6 9. O-O {[#]} Bd6 $146 ({Predecessor:} 9... Nc6 10. f3 Bd6 11. fxe4 dxe4 12. Nf4 O-O 13. Bd2 Rad8 14. Be1 Ng4 15. Qe2 g5 16. Nxe4 Bxf4 17. exf4 Qxd4+ {½-½ (50) Krieglstein,M (1809)-Naiditsch,M (1892) Ruhrgebiet 2005}) 10. h3 (10. f3 {with more complications.} exf3 11. Rxf3 Nc6 12. Qb3 Be7 13. Nf4) 10... O-O 11. Ng3 Bxg3 (11... Nc6 $15) 12. fxg3 $11 Nc6 13. g4 Nb4 (13... Rfc8 $11) 14. g5 $16 Ne8 15. a3 (15. Qb3 $14 Qe7 16. Nxd5 Nxd5 17. Qxd5) 15... Nd3 $15 16. Qh5 (16. Qa4 $15 Qxa4 17. Nxa4) 16... Rd8 $17 17. Ne2 Qc6 (17... g6 $1 $17 {[%cal Rg6h5]} 18. Qh4 Rc8) 18. Nf4 $15 Nxf4 (18... Nd6 $15) 19. Rxf4 $11 Qg6 20. Qg4 Nd6 21. Bd2 Nc4 22. Rd1 $2 (22. Bb4 $11 {and White has nothing to worry.}) 22... Nxb2 $19 {White must now prevent ...f5.} 23. h4 $2 (23. Rb1 {was worth a try.} Nc4 24. Rf2) 23... Nc4 (23... Nxd1 $142 24. Qxd1 Rc8) 24. h5 Qe6 25. Qg3 {and if Bb4 works, White does fine.} Nxd2 $2 (25... a5 $19 {aiming for ...b5.} 26. h6 g6) 26. Rxd2 $11 Rc8 27. Rdf2 b5 {[#]} ({Black should try} 27... Qd6 $15) 28. Rf6 $1 {[%mdl 512]} Qd7 (28... gxf6 29. gxf6+) 29. h6 Rc1+ 30. Kh2 $1 {Strongly threatening Qe5.} Qc7 31. R6f4 $2 (31. Rd6 $14 {keeps the upper hand.} Rc6 32. Rxd5) 31... Rc2 $2 {[%mdl 8192]} (31... g6 $17 {and life is bright. ...Ra1 is the strong threat.} 32. Rf1 Rc3) 32. Rxc2 $1 $16 Qxc2 33. hxg7 (33. Rf5 $1 $16 {Qe5 would kill now.} Qc6 34. Qe5 $1 {[%mdl 512]}) 33... Kxg7 {[%mdl 4096] Endgame KQR-KQR} 34. Qh4 {White threatens g6! and mate.} Qc6 35. Rf6 Qc7+ 36. Rf4 (36. Qg3 $11 Qe7 37. Qf4) 36... Qd6 (36... Kg8 $17 37. Qh6 Rb8) 37. g3 {[#]} (37. Kg1 $11 {remains equal.}) 37... Re8 ({Avoid the trap} 37... Qxa3 $2 38. Qh6+ Kg8 39. Rh4 $18) (37... Rc8 $142 $1 38. Rf6 Rc2+ 39. Kh3 Qd7+ 40. g4 Qc7) 38. Rf6 Re6 $36 {[%cal Re6f6][%mdl 2048] Keeping White busy.} ({Reject} 38... Qxa3 $6 39. Rh6 $11) 39. Qh6+ Kg8 40. Rxe6 $4 {[%mdl 8192]} (40. Qh5 $17 Rxf6 41. gxf6 Qxf6 42. Qxd5) 40... Qxe6 $17 {KQ-KQ} ({Weaker is} 40... fxe6 41. g6 $17) 41. Qh4 Kg7 42. Qf4 Kg6 (42... Qe7 $19 43. Kg2 Qd8) 43. Qc7 $2 {[%mdl 8192]} (43. Qh4 $17) 43... Qf5 44. Qf4 $2 (44. Qe7 $19) 44... Qxf4 {Black mates.} 45. gxf4 h6 46. gxh6 Kxh6 47. Kg3 {[%mdl 32768] Accuracy: White = 44%, Black = 46%. . Sensor Board Error (Ke4/e5)?} 1-0

[Event "Stay Safe Play From Home 300"]
[Site "Emanuel Lasker Arena"]
[Date "2020.07.13"]
[Round "6"]
[White "Haris kollari 13"]
[Black "Sfantul321"]
[Result "0-1"]
[WhiteElo "1938"]
[BlackElo "2028"]
[Annotator "NA RC"]
[PlyCount "116"]
[EventDate "2020.07.13"]
[EventType "swiss (blitz)"]

1. e4 {[%emt 0:00:02]} g6 {[%emt 0:00:01]} 2. f4 {[%emt 0:00:01]} Bg7 {[%emt 0:00:01]} 3. Nf3 {[%emt 0:00:01]} d6 {[%emt 0:00:00]} 4. d4 {[%emt 0:00:01]} Bg4 {[%emt 0:00:01]} 5. c3 {[%emt 0:00:01]} Nf6 {[%emt 0:00:01]} 6. Bd3 {[%emt 0:00:01]} O-O {[%emt 0:00:01]} 7. O-O {[%emt 0:00:01]} c5 {[%emt 0:00:01]} 8. d5 {[%emt 0:00:02]} e6 {[%emt 0:00:01]} 9. c4 {[%emt 0:00:02]} exd5 {[%emt 0:00:01]} 10. cxd5 {[%emt 0:00:02]} Re8 {[%emt 0:00:01]} 11. Nc3 {[%emt 0:00:01]} a6 {[%emt 0:00:01]} 12. a4 {[%emt 0:00:02]} b6 {[%emt 0:00:01]} 13. Be3 {[%emt 0:00:06]} Qc7 {[%emt 0:00:02]} 14. h3 {[%emt 0:00:01]} Bxf3 {[%emt 0:00:02]} 15. Qxf3 {[%emt 0:00:01]} Nbd7 {[%emt 0:00:01]} 16. g4 {[%emt 0:00:01]} c4 {[%emt 0:00:02]} 17. Bc2 {[%emt 0:00:02]} Nc5 {[%emt 0:00:02]} 18. g5 {[%emt 0:00:06]} Nfd7 {[%emt 0:00:02]} 19. Rae1 {[%emt 0:00:08]} Nd3 {[%emt 0:00:06]} 20. Bxd3 {[%emt 0:00:19]} cxd3 {[%emt 0:00:01]} 21. Bd2 {[%emt 0:00:01]} Qc5+ {[%emt 0:00:04]} 22. Kh2 {[%emt 0:00:02]} Qb4 {[%emt 0:00:07]} 23. Qxd3 {[%emt 0:00:12]} Qxb2 {[%emt 0:00:05]} 24. Rb1 {[%emt 0:00:05]} Qa3 {[%emt 0:00:02]} 25. Ra1 {[%emt 0:00:06]} Qc5 {[%emt 0:00:03]} 26. Rac1 {[%emt 0:00:01]} Qd4 {[%emt 0:00:03]} 27. Qe2 {[%emt 0:00:16]} Nc5 {[%emt 0:00:01]} 28. Be3 {[%emt 0:00:04]} Qb4 {[%emt 0:00:01]} 29. Bxc5 {[%emt 0:00:03]} bxc5 {[%emt 0:00:05]} 30. Qd3 {[%emt 0:00:07]} Bxc3 {[%emt 0:00:03]} 31. Rxc3 {[%emt 0:00:02]} Qxe4 {[%emt 0:00:01]} 32. Qxe4 {[%emt 0:00:11]} Rxe4 {[%emt 0:00:02]} 33. Rb3 {[%emt 0:00:05]} Rc8 {[%emt 0:00:08]} 34. Rb6 {[%emt 0:00:01]} c4 {[%emt 0:00:01]} 35. Rxd6 {[%emt 0:00:02]} c3 {[%emt 0:00:01]} 36. Rc1 {[%emt 0:00:01]} Rxf4 {[%emt 0:00:01]} 37. Rc6 {[%emt 0:00:01]} Rxc6 {[%emt 0:00:01]} 38. dxc6 {[%emt 0:00:02]} Rc4 {[%emt 0:00:01]} 39. Kg3 {[%emt 0:00:02]} Rxc6 {[%emt 0:00:02]} 40. h4 {[%emt 0:00:01]} Rc4 {[%emt 0:00:02]} 41. a5 {[%emt 0:00:03]} Kg7 {[%emt 0:00:02]} 42. Rc2 {[%emt 0:00:01]} f5 {[%emt 0:00:03]} 43. Kf3 {[%emt 0:00:04]} Rxh4 {[%emt 0:00:05]} 44. Ke3 {[%emt 0:00:03]} Rc4 {[%emt 0:00:02]} 45. Kd3 {[%emt 0:00:01]} Rc5 {[%emt 0:00:01]} 46. Kd4 {[%emt 0:00:02]} Rxa5 {[%emt 0:00:01]} 47. Rxc3 {[%emt 0:00:01]} Ra4+ {[%emt 0:00:01]} 48. Ke5 {[%emt 0:00:02]} Re4+ {[%emt 0:00:01]} 49. Kd6 {[%emt 0:00:02]} h5 {[%emt 0:00:03]} 50. Rc7+ {[%emt 0:00:02]} Kf8 {[%emt 0:00:01]} 51. Rb7 {[%emt 0:00:04]} f4 {[%emt 0:00:06]} 52. Ra7 {[%emt 0:00:03]} f3 {[%emt 0:00:02]} 53. Ra8+ {[%emt 0:00:01]} Re8 {[%emt 0:00:01]} 54. Rxa6 {[%emt 0:00:01]} f2 {[%emt 0:00:03]} 55. Ra2 {[%emt 0:00:03]} f1=Q {[%emt 0:00:01]} 56. Kd7 {[%emt 0:00:00]} Qd1+ {[%emt 0:00:02]} 57. Kc7 {[%emt 0:00:03]} Re7+ {[%emt 0:00:02]} 58. Kc6 {[%emt 0:00:01]} Qc1+ {[%emt 0:00:01] Time (Lag: Av=0.36s, max=0.8s) .} 0-1

[Event "Stay Safe Play From Home 300"]
[Site "Emanuel Lasker Arena"]
[Date "2020.07.13"]
[Round "6"]
[White "Ironmike"]
[Black "Lucknow"]
[Result "1-0"]
[WhiteElo "1857"]
[BlackElo "1836"]
[Annotator "NA RC"]
[PlyCount "93"]
[EventDate "2020.07.13"]
[EventType "swiss (blitz)"]
[WhiteTeam "SV Horst-Emscher I"]

{Dönges, Dirk (1820)} 1. e4 {[%emt 0:00:01]} c5 {[%emt 0:00:01]} 2. Nf3 {[%emt 0:00:02]} d6 {[%emt 0:00:01]} 3. Nc3 {[%emt 0:00:01]} Nf6 {[%emt 0:00:02]} 4. d4 {[%emt 0:00:00]} cxd4 {[%emt 0:00:00]} 5. Nxd4 {[%emt 0:00:00]} g6 {[%emt 0:00:00]} 6. Bc4 {[%emt 0:00:02]} Bg7 {[%emt 0:00:01]} 7. O-O {[%emt 0:00:02]} O-O {[%emt 0:00:00]} 8. Kh1 {[%emt 0:00:02]} Nc6 {[%emt 0:00:00]} 9. f4 {[%emt 0:00:01]} Nxd4 {[%emt 0:00:02]} 10. Qxd4 {[%emt 0:00:01]} Bd7 {[%emt 0:00:00]} 11. Qd1 {[%emt 0:00:06]} Bc6 {[%emt 0:00:01]} 12. Qe2 {[%emt 0:00:04]} a6 {[%emt 0:00:05]} 13. a3 {[%emt 0:00:03]} b5 {[%emt 0:00:02]} 14. Ba2 {[%emt 0:00:01]} Re8 {[%emt 0:00:03]} 15. f5 {[%emt 0:00:01]} Nd7 {[%emt 0:00:02]} 16. fxg6 {[%emt 0:00:01]} hxg6 {[%emt 0:00:01]} 17. Qg4 {[%emt 0:00:01]} Ne5 {[%emt 0:00:01]} 18. Qg3 {[%emt 0:00:01]} e6 {[%emt 0:00:11]} 19. Bf4 {[%emt 0:00:04]} Qb6 {[%emt 0:00:05]} 20. Rad1 {[%emt 0:00:03]} Rad8 {[%emt 0:00:02]} 21. Be3 {[%emt 0:00:16]} Qb7 {[%emt 0:00:02]} 22. Rde1 {[%emt 0:00:08]} a5 {[%emt 0:00:21]} 23. Bg5 {[%emt 0:00:02]} Rd7 {[%emt 0:00:03]} 24. Bf4 {[%emt 0:00:13]} b4 {[%emt 0:00:02]} 25. axb4 {[%emt 0:00:03]} axb4 {[%emt 0:00:01]} 26. Nd1 {[%emt 0:00:01]} Bxe4 {[%emt 0:00:06]} 27. c3 {[%emt 0:00:03]} b3 {[%emt 0:00:08]} 28. Bxb3 {[%emt 0:00:06]} Bxg2+ {[%emt 0:00:02]} 29. Qxg2 {[%emt 0:00:01]} Qxb3 {[%emt 0:00:01]} 30. Ne3 {[%emt 0:00:03]} Nd3 {[%emt 0:00:08]} 31. Re2 {[%emt 0:00:07]} Nxf4 {[%emt 0:00:02]} 32. Rxf4 {[%emt 0:00:00]} d5 {[%emt 0:00:02]} 33. Rf1 {[%emt 0:00:02]} d4 {[%emt 0:00:02]} 34. cxd4 {[%emt 0:00:01]} Rxd4 {[%emt 0:00:02]} 35. Ng4 {[%emt 0:00:02]} Rd1 {[%emt 0:00:04]} 36. Ref2 {[%emt 0:00:09]} Qd3 {[%emt 0:00:13]} 37. Nf6+ {[%emt 0:00:03]} Bxf6 {[%emt 0:00:04]} 38. Rxf6 {[%emt 0:00:01]} Rxf1+ {[%emt 0:00:02]} 39. Rxf1 {[%emt 0:00:01]} Qd4 {[%emt 0:00:02]} 40. b3 {[%emt 0:00:07]} Rd8 {[%emt 0:00:02]} 41. Qf3 {[%emt 0:00:02]} Rd7 {[%emt 0:00:02]} 42. Qa8+ {[%emt 0:00:14]} Kg7 {[%emt 0:00:02]} 43. Qf3 {[%emt 0:00:06]} Rc7 {[%emt 0:00:16]} 44. b4 {[%emt 0:00:01]} Rc3 {[%emt 0:00:07]} 45. Qxf7+ {[%emt 0:00:03]} Kh6 {[%emt 0:00:03]} 46. Qf8+ {[%emt 0:00:01]} Kg5 {[%emt 0:00:03]} 47. Rg1+ {[%emt 0:00:03] Lucknow gibt auf (Lag: Av=0.44s, max=0.9s)} 1-0

[Event "Stay Safe Play From Home 300"]
[Site "Emanuel Lasker Arena"]
[Date "2020.07.13"]
[Round "6"]
[White "Robk"]
[Black "Tunca"]
[Result "0-1"]
[WhiteElo "1555"]
[BlackElo "1645"]
[Annotator "NA RC"]
[PlyCount "90"]
[EventDate "2020.07.13"]
[EventType "swiss (blitz)"]

1. e4 {[%emt 0:00:02]} e5 {[%emt 0:00:01]} 2. Nf3 {[%emt 0:00:02]} Nc6 {[%emt 0:00:01]} 3. Bb5 {[%emt 0:00:01]} a6 {[%emt 0:00:06]} 4. Ba4 {[%emt 0:00:02]} Nf6 {[%emt 0:00:01]} 5. O-O {[%emt 0:00:03]} Be7 {[%emt 0:00:02]} 6. Re1 {[%emt 0:00:03]} d6 {[%emt 0:00:04]} 7. h3 {[%emt 0:00:04]} O-O {[%emt 0:00:08]} 8. c3 {[%emt 0:00:01]} b5 {[%emt 0:00:14]} 9. Bb3 {[%emt 0:00:02]} Bb7 {[%emt 0:00:00]} 10. d4 {[%emt 0:00:04]} Na5 {[%emt 0:00:01]} 11. Bc2 {[%emt 0:00:02]} exd4 {[%emt 0:00:11]} 12. cxd4 {[%emt 0:00:03]} Re8 {[%emt 0:00:00]} 13. Nbd2 {[%emt 0:00:03]} c5 {[%emt 0:00:02]} 14. d5 {[%emt 0:00:02]} Bf8 {[%emt 0:00:30]} 15. Nf1 {[%emt 0:00:05]} Nc4 {[%emt 0:00:02]} 16. b3 {[%emt 0:00:06]} Nb6 {[%emt 0:00:06]} 17. Ng3 {[%emt 0:00:04]} Rc8 {[%emt 0:00:08]} 18. Bb2 {[%emt 0:00:11]} g6 {[%emt 0:00:05]} 19. Qd3 {[%emt 0:00:13]} Bg7 {[%emt 0:00:03]} 20. Rad1 {[%emt 0:00:12]} c4 {[%emt 0:00:03]} 21. bxc4 {[%emt 0:00:02]} Nxc4 {[%emt 0:00:02]} 22. Bc1 {[%emt 0:00:04]} Qa5 {[%emt 0:00:15]} 23. Bb3 {[%emt 0:00:07]} Nd7 {[%emt 0:00:14]} 24. Be3 {[%emt 0:00:16]} Nc5 {[%emt 0:00:03]} 25. Bxc5 {[%emt 0:00:02]} Rxc5 {[%emt 0:00:00]} 26. Rc1 {[%emt 0:00:18]} Rec8 {[%emt 0:00:09]} 27. Bxc4 {[%emt 0:00:04]} Rxc4 {[%emt 0:00:00]} 28. Rxc4 {[%emt 0:00:01]} Rxc4 {[%emt 0:00:00]} 29. Nd4 {[%emt 0:00:02]} Rxd4 {[%emt 0:00:02]} 30. Qxd4 {[%emt 0:00:02]} Bxd4 {[%emt 0:00:01]} 31. Rc1 {[%emt 0:00:03]} Bb2 {[%emt 0:00:03]} 32. Rf1 {[%emt 0:00:01]} Qxa2 {[%emt 0:00:01]} 33. f3 {[%emt 0:00:02]} Bd4+ {[%emt 0:00:01]} 34. Kh2 {[%emt 0:00:03]} b4 {[%emt 0:00:00]} 35. Nh1 {[%emt 0:00:07]} b3 {[%emt 0:00:01]} 36. Nf2 {[%emt 0:00:00]} Bxf2 {[%emt 0:00:01]} 37. Rd1 {[%emt 0:00:02]} b2 {[%emt 0:00:01]} 38. Rf1 {[%emt 0:00:02]} b1=Q {[%emt 0:00:01]} 39. Rxb1 {[%emt 0:00:01]} Qxb1 {[%emt 0:00:00]} 40. h4 {[%emt 0:00:01]} Bxh4 {[%emt 0:00:01]} 41. Kh3 {[%emt 0:00:01]} g5 {[%emt 0:00:00]} 42. Kg4 {[%emt 0:00:01]} Bc8+ {[%emt 0:00:01]} 43. Kh5 {[%emt 0:00:02]} Qh1 {[%emt 0:00:01]} 44. g4 {[%emt 0:00:07]} f6 {[%emt 0:00:01]} 45. Kh6 {[%emt 0:00:02]} Bg3# {[%emt 0:00:01] (Lag: Av=0.62s, max=1.0s)} 0-1

[Event "Stay Safe Play From Home 300"]
[Site "Emanuel Lasker Arena"]
[Date "2020.07.13"]
[Round "6"]
[White "Timbre"]
[Black "Klasman"]
[Result "1-0"]
[WhiteElo "1521"]
[BlackElo "1555"]
[Annotator "NA RC"]
[PlyCount "56"]
[EventDate "2020.07.13"]
[EventType "swiss (blitz)"]

1. d4 {[%emt 0:00:16]} f5 {[%emt 0:00:02]} 2. Nf3 {[%emt 0:00:01]} d5 {[%emt 0:00:01]} 3. c3 {[%emt 0:00:01]} Nf6 {[%emt 0:00:01]} 4. Bf4 {[%emt 0:00:01]} e6 {[%emt 0:00:01]} 5. e3 {[%emt 0:00:01]} Bd6 {[%emt 0:00:01]} 6. Bg3 {[%emt 0:00:02]} Bxg3 {[%emt 0:00:03]} 7. hxg3 {[%emt 0:00:02]} Nbd7 {[%emt 0:00:03]} 8. Be2 {[%emt 0:00:01]} b6 {[%emt 0:00:01]} 9. Nbd2 {[%emt 0:00:02]} Bb7 {[%emt 0:00:01]} 10. c4 {[%emt 0:00:01]} Rc8 {[%emt 0:00:02]} 11. cxd5 {[%emt 0:00:02]} Nxd5 {[%emt 0:00:04]} 12. O-O {[%emt 0:00:07]} Qf6 {[%emt 0:00:04]} 13. Nc4 {[%emt 0:00:02]} O-O {[%emt 0:00:04]} 14. Nce5 {[%emt 0:00:02]} Nxe5 {[%emt 0:00:04]} 15. Nxe5 {[%emt 0:00:02]} c5 {[%emt 0:00:04]} 16. Nd7 {[%emt 0:00:02]} Qg6 {[%emt 0:00:07]} 17. Nxf8 {[%emt 0:00:02]} Rxf8 {[%emt 0:00:01]} 18. dxc5 {[%emt 0:00:01]} bxc5 {[%emt 0:00:02]} 19. Bf3 {[%emt 0:00:01]} Ba6 {[%emt 0:00:10]} 20. Re1 {[%emt 0:00:03]} Nf6 {[%emt 0:00:01]} 21. Qd6 {[%emt 0:00:05]} Bc8 {[%emt 0:00:03]} 22. Qxc5 {[%emt 0:00:02]} h5 {[%emt 0:00:05]} 23. Rad1 {[%emt 0:00:11]} h4 {[%emt 0:00:03]} 24. gxh4 {[%emt 0:00:02]} Ne4 {[%emt 0:00:09]} 25. Bxe4 {[%emt 0:00:02]} fxe4 {[%emt 0:00:01]} 26. Qe5 {[%emt 0:00:04]} Rf5 {[%emt 0:00:12]} 27. Rd8+ {[%emt 0:00:04]} Kh7 {[%emt 0:00:02]} 28. Qxe4 {[%emt 0:00:07]} Qf6 {[%emt 0:00:50] Klasman resigns (Lag: Av=0.39s, max=0.9s)} 1-0